Psiquiatría clínica / (Record no. 150249)

MARC details
000 -LEADER
campo de control de longitud fija 00700nam a2200193 i 4500
001 - NÚMERO DE CONTROL
campo de control 150249
003 - IDENTIFICADOR DE NÚMERO DE CONTROL
campo de control ES-MaACL
005 - FECHA Y HORA DE LA ÚLTIMA TRANSACCIÓN
campo de control 20231209062947.0
007 - CAMPO FIJO DE DESCRIPCIÓN FÍSICA--INFORMACIÓN GENERAL
campo de control de longitud fija t|
008 - DATOS DE LONGITUD FIJA--INFORMACIÓN GENERAL
campo de control de longitud fija 071029s1960 sp ||||1| spa d
100 1# - ENTRADA PRINCIPAL--NOMBRE DE PERSONA
Nombre de persona Vallejo-Nágera, Juan Antonio,
Fechas asociadas al nombre 1926-1990
9 (RLIN) 112855
245 10 - MENCIÓN DEL TÍTULO
Título Psiquiatría clínica /
Mención de responsabilidad, etc. por Juan Antonio Vallejo-Nájera Botas ; prólogo J. J. López Ibor ; con un capítulo sobre las epilepsias de J.C. Oliveros Pérez.
260 ## - PUBLICACIÓN, DISTRIBUCIÓN, ETC.
Lugar de publicación, distribución, etc. Madrid :
Nombre del editor, distribuidor, etc. Jauve,
Fecha de publicación, distribución, etc. 1960.
300 ## - DESCRIPCIÓN FÍSICA
Extensión 302 p. ;
Dimensiones 22 cm.
700 1# - ENTRADA AGREGADA--NOMBRE PERSONAL
Nombre de persona López Ibor, Juan José,
Fechas asociadas al nombre 1906-1991
9 (RLIN) 73703
700 1# - ENTRADA AGREGADA--NOMBRE PERSONAL
Nombre de persona Oliveros Pérez, J. C.
9 (RLIN) 86873
852 ## - LOCALIZACIÓN
Ubicación ES-MaACL
Número de control de estantería F-6299
Sublocalización o colección R.49366
Holdings
Estatus retirado Estado de pérdida Estado de daño No para préstamo Biblioteca de origen Biblioteca actual Ubicación en estantería Fecha de adquisición Fuente de adquisición Total de préstamos Signatura topográfica completa Código de barras Visto por última vez Precio de reemplazo Tipo de ítem Koha
        Biblioteca del Ateneo de Madrid Biblioteca del Ateneo de Madrid Depósito 2 17/01/2008     F-6299 1156782 23/02/2023 23/02/2023 Libro impreso